[Event "Alcorcon Diagonal op 2nd"]
[Site "Alcorcon"]
[Date "2023.12.26"]
[Round "2"]
[White "Aldea Moreno, Marina"]
[Black "Lianes Garcia, Marcos"]
[Result "0-1"]
[WhiteElo "1680"]
[BlackElo "2390"]
[PlyCount "72"]
[EventDate "2023.12.26"]
[EventType "swiss"]
[EventRounds "9"]
[EventCountry "ESP"]
[SourceTitle "CB01_2024"]
[SourceDate "2024.01.03"]
[SourceVersion "1"]
[SourceVersionDate "2024.01.03"]
[SourceQuality "1"]

1. e4 g6 2. d4 Bg7 3. Be2 c5 4. d5 d6 5. c4 e5 6. Nc3 Ne7 7. Be3 f5 8. f3 0-0 9. Qd2 f4 10. Bf2 Nd7 11. Bd3 Nf6 12. Nge2 g5 13. 0-0-0 g4 14. Kb1 Ng6 15. Ka1 Bd7 16. Rb1 a5 17. Bc2 a4 18. a3 h5 19. Ka2 Nh7 20. Nb5 Bxb5 21. cxb5 Ng5 22. Qc3 Qd7 23. fxg4 hxg4 24. Qc4 f3 25. gxf3 Nxf3 26. Be3 Nd4 27. Bxd4 exd4 28. Bd3 Ne5 29. Qc2 c4 30. Bxc4 Rac8 31. Qxa4 Rxc4 32. Qb3 Rf3 33. Qd1 Qxb5 34. Nxd4 Rxd4 35. Qxd4 Qb3+ 36. Ka1 Nc4 0-1

[Event "Madrid-ch Previa B"]
[Site "Madrid"]
[Date "2023.02.24"]
[Round "8.18"]
[White "Perez Molero, Jose Ignacio"]
[Black "Aldea Moreno, Marina"]
[Result "0-1"]
[WhiteElo "1504"]
[BlackElo "1606"]
[PlyCount "64"]
[EventDate "2023.02.02"]
[EventType "swiss"]
[EventRounds "9"]
[EventCountry "ESP"]
[SourceTitle "EXT 2024"]
[Source "ChessBase"]
[SourceDate "2023.10.10"]
[SourceVersion "1"]
[SourceVersionDate "2023.10.10"]
[SourceQuality "1"]

1. d4 Nf6 2. c4 g6 3. Nc3 Bg7 4. e4 d6 5. h3 0-0 6. Bg5 a6 7. Nf3 c6 8. Bd3 b5 9. cxb5 axb5 10. e5 dxe5 11. dxe5 Nd5 12. Nxd5 cxd5 13. 0-0 h6 14. Be3 b4 15. Qc2 Ba6 16. Rfe1 Bxd3 17. Qxd3 Nc6 18. Bc5 Re8 19. Qc2 e6 20. Nd4 Nxe5 21. Bxb4 Rc8 22. Qe2 Nc4 23. Bc3 e5 24. Nc2 d4 25. b3 Nb6 26. Rad1 Rxc3 27. Nxd4 Qc8 28. Nb5 Rc2 29. Qe3 Qc5 30. Qxc5 Rxc5 31. Rd6 Rxb5 32. Rc1 Nc8 0-1

[Event "Madrid-ch Previa B"]
[Site "Madrid"]
[Date "2023.02.17"]
[Round "6.17"]
[White "Aldea Moreno, Marina"]
[Black "Conchillo Roman, Jose Ignacio"]
[Result "0-1"]
[WhiteElo "1606"]
[BlackElo "1499"]
[PlyCount "172"]
[EventDate "2023.02.02"]
[EventType "swiss"]
[EventRounds "9"]
[EventCountry "ESP"]
[SourceTitle "EXT 2024"]
[Source "ChessBase"]
[SourceDate "2023.10.10"]
[SourceVersion "1"]
[SourceVersionDate "2023.10.10"]
[SourceQuality "1"]

1. e4 c5 2. Nf3 d6 3. Bb5+ Bd7 4. Bxd7+ Nxd7 5. c4 Ngf6 6. Nc3 g6 7. 0-0 Bg7 8. d4 cxd4 9. Nxd4 Nc5 10. f3 0-0 11. Be3 Rc8 12. b3 a6 13. Rc1 Qd7 14. Qe2 Ne6 15. Rfd1 Nh5 16. Nd5 Nxd4 17. Bxd4 Bxd4+ 18. Rxd4 Qe6 19. Qd2 Nf6 20. Kf2 Nxd5 21. Rxd5 f5 22. exf5 Rxf5 23. Re1 Rxd5 24. cxd5 Qf6 25. Qe3 Kf7 26. Re2 Qh4+ 27. Kg1 Rc7 28. g3 Qf6 29. Kg2 g5 30. Qe4 Kg7 31. Kf2 h5 32. Kg2 Qg6 33. Kf2 Qf6 34. Kg2 Qg6 35. Rd2 Qf6 36. h3 Rc3 37. Re2 Rc7 38. Kf2 Qg6 39. h4 Qxe4 40. fxe4 Kf6 41. Kf3 Rc3+ 42. Re3 g4+ 43. Kf4 Rxe3 44. Kxe3 Ke5 45. a3 b5 46. a4 bxa4 47. bxa4 e6 48. dxe6 Kxe6 49. Kf4 Kf6 50. a5 Kg6 51. e5 d5 52. e6 Kf6 53. e7 Kxe7 54. Ke5 d4 55. Kxd4 Kd6 56. Kc4 Kc6 57. Kb4 Kd5 58. Kb3 Kc5 59. Ka4 Kc4 60. Ka3 Kb5 61. Kb3 Kxa5 62. Ka3 Kb5 63. Kb3 a5 64. Ka3 a4 65. Kb2 Kb4 66. Ka2 a3 67. Kb1 Kc3 68. Ka2 Kd3 69. Kxa3 Ke3 70. Kb3 Kf3 71. Kc3 Kxg3 72. Kd3 Kxh4 73. Ke2 Kg3 74. Kf1 h4 75. Kg1 h3 76. Kh1 Kf3 77. Kg1 g3 78. Kh1 g2+ 79. Kh2 Kf2 80. Kxh3 g1Q 81. Kh4 Kf3 82. Kh5 Kf4 83. Kh6 Kf5 84. Kh7 Kf6 85. Kh8 Kf7 86. Kh7 Qh1# 0-1

[Event "Madrid Alcorcon op 1st"]
[Site "Madrid"]
[Date "2022.12.28"]
[Round "5"]
[White "Aldea Moreno, Marina"]
[Black "Siddiqie, Kausar Iqbal"]
[Result "1-0"]
[WhiteElo "1594"]
[BlackElo "1365"]
[PlyCount "81"]
[EventDate "2022.12.26"]
[EventType "swiss"]
[EventRounds "9"]
[EventCountry "ESP"]
[SourceTitle "CBM 212 Extra"]
[Source "ChessBase"]
[SourceDate "2023.03.31"]
[SourceVersion "1"]
[SourceVersionDate "2023.03.31"]
[SourceQuality "1"]

1. e4 e5 2. Nf3 Nc6 3. d4 exd4 4. Nxd4 Bc5 5. Nb3 Bb6 6. Qe2 d6 7. Be3 Nf6 8. Nc3 0-0 9. f3 Re8 10. h4 Bxe3 11. Qxe3 d5 12. 0-0-0 Qe7 13. Nxd5 Nxd5 14. Rxd5 Be6 15. Rd2 f5 16. exf5 Bxf5 17. Bc4+ Kh8 18. Qxe7 Rxe7 19. Rhd1 h6 20. Bd3 Bxd3 21. Rxd3 Re2 22. R3d2 Rae8 23. c3 b6 24. Kc2 Kh7 25. Rxe2 Rxe2+ 26. Rd2 Re7 27. Nd4 Na5 28. Re2 Rd7 29. Nf5 Rf7 30. Ng3 c5 31. b3 Nc6 32. Re6 Ne7 33. Re5 Ng6 34. Rf5 Re7 35. Rd5 Nxh4 36. Rd2 Ng6 37. Ne4 Nh4 38. Kd1 a5 39. Ke1 Re6 40. Kf2 h5 41. Ng5+ 1-0

[Event "Madrid Alcorcon op 1st"]
[Site "Madrid"]
[Date "2022.12.27"]
[Round "3"]
[White "Abad Alonso, Jimena Lavinia"]
[Black "Aldea Moreno, Marina"]
[Result "0-1"]
[WhiteElo "1153"]
[BlackElo "1594"]
[PlyCount "90"]
[EventDate "2022.12.26"]
[EventType "swiss"]
[EventRounds "9"]
[EventCountry "ESP"]
[SourceTitle "CBM 212 Extra"]
[Source "ChessBase"]
[SourceDate "2023.03.31"]
[SourceVersion "1"]
[SourceVersionDate "2023.03.31"]
[SourceQuality "1"]

1. e4 c5 2. Nf3 d6 3. d4 cxd4 4. Nxd4 Nf6 5. Nc3 a6 6. Be2 e5 7. Nf3 Be7 8. 0-0 0-0 9. Be3 Nbd7 10. h3 b5 11. Qd3 Bb7 12. b4 Qc7 13. Nd5 Nxd5 14. exd5 Nf6 15. c4 e4 16. Qd4 exf3 17. Bxf3 Qxc4 18. Qxc4 bxc4 19. Rfd1 Nd7 20. Rab1 Ne5 21. Be2 Rac8 22. f4 Nd7 23. Bg4 f5 24. Be2 Bf6 25. Rbc1 Rfe8 26. Kf2 c3 27. g4 fxg4 28. Bxg4 Rc7 29. Re1 Bc8 30. a4 Rc4 31. Rb1 Nf8 32. Be2 Rce4 33. Bd3 R4e7 34. b5 Bh4+ 35. Kf3 Bxe1 36. Rxe1 axb5 37. Bxb5 Bd7 38. Bxd7 Nxd7 39. a5 c2 40. Kg4 Rxe3 41. Rxe3 Rxe3 42. a6 Nf6+ 43. Kh4 c1Q 44. Kg5 Qg1+ 45. Kf5 Qg6# 0-1

[Event "Madrid Alcorcon op 1st"]
[Site "Madrid"]
[Date "2022.12.26"]
[Round "1"]
[White "Aldea Moreno, Marina"]
[Black "Neagu, Roberto Florin"]
[Result "0-1"]
[WhiteElo "1594"]
[BlackElo "2229"]
[PlyCount "90"]
[EventDate "2022.12.26"]
[EventType "swiss"]
[EventRounds "9"]
[EventCountry "ESP"]
[SourceTitle "CBM 212 Extra"]
[Source "ChessBase"]
[SourceDate "2023.03.31"]
[SourceVersion "1"]
[SourceVersionDate "2023.03.31"]
[SourceQuality "1"]

1. e4 g6 2. Nf3 Bg7 3. d4 d6 4. c4 e5 5. dxe5 dxe5 6. Qxd8+ Kxd8 7. Nc3 c6 8. Be3 Ke8 9. Be2 f6 10. 0-0 Bh6 11. Bxh6 Nxh6 12. Rad1 Nf7 13. Nd2 Ke7 14. b4 a5 15. a3 axb4 16. axb4 Na6 17. b5 Nc5 18. bxc6 bxc6 19. Ra1 Be6 20. f3 Rhd8 21. Rxa8 Rxa8 22. Kf2 Ra3 23. Rc1 Nd6 24. Rc2 f5 25. exf5 gxf5 26. Nd1 f4 27. Ke1 Ra1 28. Rb2 Nf5 29. Rb1 Ra3 30. Bf1 Nd4 31. Nf2 Bf5 32. Nfe4 Re3+ 33. Kd1 Bxe4 34. Nxe4 Nxe4 35. fxe4 Kd6 36. Rb7 Ra3 37. Kd2 Ra2+ 38. Ke1 Nc2+ 39. Kf2 Ne3+ 40. Kf3 Nxf1 41. Rxh7 Nd2+ 42. Kg4 Nxe4 43. Kf5 Nf2 44. Rh6+ Kc5 45. Kxe5 Ng4+ 0-1

[Event "Madrid Vicalvaro op"]
[Site "Madrid"]
[Date "2022.06.12"]
[Round "6"]
[White "Linares Leyva, David"]
[Black "Aldea Moreno, Marina"]
[Result "1-0"]
[WhiteElo "1759"]
[BlackElo "1601"]
[PlyCount "117"]
[EventDate "2022.05.08"]
[EventType "swiss"]
[EventRounds "7"]
[EventCountry "ESP"]
[SourceTitle "EXT 2024"]
[Source "ChessBase"]
[SourceDate "2023.10.10"]
[SourceVersion "1"]
[SourceVersionDate "2023.10.10"]
[SourceQuality "1"]

1. c4 Nf6 2. g3 g6 3. Bg2 Bg7 4. Nf3 0-0 5. 0-0 d6 6. d4 c6 7. Nc3 Bf5 8. Nd2 e5 9. dxe5 dxe5 10. Qb3 Qe7 11. Nde4 Nxe4 12. Nxe4 a5 13. Bg5 f6 14. Be3 Na6 15. Rad1 Be6 16. Nd6 Rfd8 17. Qxb7 Qxb7 18. Nxb7 Rxd1 19. Rxd1 Bxc4 20. Bxc6 Rc8 21. Nxa5 Nb4 22. Bb7 Bxe2 23. Rd2 Rc2 24. a3 Rxd2 25. Bxd2 Nc2 26. Be4 Nd4 27. b4 f5 28. Bd5+ Kf8 29. Nc6 Nf3+ 30. Bxf3 Bxf3 31. b5 Ke8 32. Bc3 Bxc6 33. bxc6 Kd8 34. Ba5+ Kc8 35. Kf1 Bf8 36. Bb4 Bg7 37. Bd6 e4 38. Ke2 Bd4 39. h4 Bb6 40. a4 h6 41. Bf8 Kc7 42. Bxh6 Kxc6 43. Be3 Bd8 44. Kd2 Kd5 45. Kc3 Ba5+ 46. Kb3 Be1 47. Bb6 Bd2 48. a5 Bxa5 49. Bxa5 Ke5 50. Bc7+ Kf6 51. Bf4 Ke6 52. Kc4 Kf6 53. Kd5 Ke7 54. Bg5+ Kf7 55. Kd6 Kf8 56. Ke6 Kg7 57. Ke7 Kg8 58. Kf6 Kh7 59. Kf7 1-0

[Event "Madrid Vicalvaro op"]
[Site "Madrid"]
[Date "2022.06.05"]
[Round "5"]
[White "Aldea Moreno, Marina"]
[Black "Marin Lopez, Juan Jose"]
[Result "1/2-1/2"]
[WhiteElo "1601"]
[BlackElo "1784"]
[PlyCount "151"]
[EventDate "2022.05.08"]
[EventType "swiss"]
[EventRounds "7"]
[EventCountry "ESP"]
[SourceTitle "EXT 2024"]
[Source "ChessBase"]
[SourceDate "2023.10.10"]
[SourceVersion "1"]
[SourceVersionDate "2023.10.10"]
[SourceQuality "1"]

1. e4 e5 2. Nf3 f5 3. Nxe5 Qf6 4. d4 d6 5. Nc4 fxe4 6. Nc3 Qg6 7. f3 exf3 8. Qxf3 Nf6 9. Bd3 Qg4 10. Qe3+ Be7 11. 0-0 Qh5 12. Qg5 Qxg5 13. Bxg5 Nc6 14. Rae1 Kd8 15. Ne2 Nb4 16. Nc1 Nxd3 17. Nxd3 a5 18. c3 h6 19. Bd2 b5 20. Ne3 Ba6 21. b3 Ne4 22. Re2 Bg5 23. Be1 Re8 24. Nf5 Bf6 25. Nf2 d5 26. Nxe4 dxe4 27. Bf2 Kd7 28. Be3 Ke6 29. Ref2 Rf8 30. Ng3 Be7 31. Nxe4 Rxf2 32. Rxf2 Rf8 33. Nc5+ Bxc5 34. dxc5 Rxf2 35. Kxf2 c6 36. a3 a4 37. b4 Kd5 38. Ke2 Kc4 39. Kd2 Kb3 40. Bd4 g5 41. g4 Bc8 42. h3 h5 43. gxh5 Bxh3 44. Bf6 Kxa3 45. Bxg5 Kb3 46. Bf6 Bf5 47. h6 a3 48. c4 Kxc4 49. Bc3 a2 50. Ba1 Kxb4 51. Kc1 Kxc5 52. Kb2 Bb1 53. Kb3 Kb6 54. h7 Bxh7 55. Kxa2 c5 56. Kb3 Bg8+ 57. Kc2 b4 58. Be5 Kb5 59. Kb2 Kc4 60. Bd6 Bd5 61. Be7 Bf3 62. Bd6 Bd1 63. Kc1 Ba4 64. Kd2 Kd4 65. Be7 Bb3 66. Bf8 Bc4 67. Be7 b3 68. Bf6+ Kd5 69. Kc3 Ke6 70. Bg5 Bd5 71. Bc1 Kd6 72. Bd2 Kc6 73. Kb2 Kb5 74. Bc3 Kc4 75. Bg7 Kd3 76. Bf6 1/2-1/2

[Event "Madrid-ch Previa-B"]
[Site "Madrid"]
[Date "2022.03.19"]
[Round "7"]
[White "Rodriguez Avila, Alvaro"]
[Black "Aldea Moreno, Marina"]
[Result "1-0"]
[WhiteElo "1949"]
[BlackElo "1611"]
[PlyCount "73"]
[EventDate "2022.03.03"]
[EventType "swiss"]
[EventRounds "9"]
[EventCountry "ESP"]
[SourceTitle "EXT 2023"]
[Source "ChessBase"]
[SourceDate "2022.10.05"]
[SourceVersion "1"]
[SourceVersionDate "2022.10.05"]
[SourceQuality "1"]

1. e4 d6 2. d4 Nf6 3. Nc3 g6 4. Bg5 Bg7 5. e5 Nfd7 6. exd6 cxd6 7. Qd2 h6 8. Be3 Nf6 9. 0-0-0 Ng4 10. Bf4 Nd7 11. f3 Ngf6 12. Re1 Nb6 13. Bb5+ Kf8 14. Nge2 Be6 15. Kb1 Rc8 16. g4 Nbd5 17. Ba4 Qb6 18. Bb3 Nxf4 19. Nxf4 Bxb3 20. axb3 Qa5 21. Re2 g5 22. Ng2 Nd5 23. Nxd5 Qxd5 24. Re4 Bf6 25. Ne3 Qc6 26. d5 Qb5 27. Rb4 Qa5 28. Rd1 Rc7 29. Nf5 Be5 30. Rxb7 Qc5 31. b4 Rxb7 32. bxc5 Rxb2+ 33. Kc1 Ra2 34. Qb4 Bf4+ 35. Kb1 Kg8 36. Kxa2 dxc5 37. Qc3 1-0

[Event "Madrid-ch Previa-B"]
[Site "Madrid"]
[Date "2022.03.03"]
[Round "1"]
[White "Lozano Freras, Sergio"]
[Black "Aldea Moreno, Marina"]
[Result "1-0"]
[WhiteElo "1990"]
[BlackElo "1611"]
[PlyCount "56"]
[EventDate "2022.03.03"]
[EventType "swiss"]
[EventRounds "9"]
[EventCountry "ESP"]
[SourceTitle "EXT 2023"]
[Source "ChessBase"]
[SourceDate "2022.10.05"]
[SourceVersion "1"]
[SourceVersionDate "2022.10.05"]
[SourceQuality "1"]

1. e4 d6 2. d4 Nf6 3. Nc3 g6 4. Be3 Nbd7 5. Nf3 b6 6. Bc4 e6 7. Bg5 h6 8. Bd2 Bg7 9. Qe2 0-0 10. e5 Ne8 11. Qe4 d5 12. Nxd5 exd5 13. Bxd5 Ndf6 14. exf6 Nxf6 15. Bxf7+ Rxf7 16. Qxa8 Re7+ 17. Be3 Nd5 18. 0-0-0 Nxe3 19. fxe3 Rxe3 20. Rhe1 Rxe1 21. Rxe1 Kh7 22. Qc6 Bd7 23. Qd5 c6 24. Qd6 Bf8 25. Qe5 Bf5 26. Qe8 Qf6 27. Qe5 Qf7 28. Kb1 h5 1-0

[Event "Alcorcon Diagonal op 1st"]
[Site "Alcorcon"]
[Date "2022.01.22"]
[Round "2"]
[White "Aldea Moreno, Marina"]
[Black "Blazquez Sanz, Oscar"]
[Result "1-0"]
[WhiteElo "1645"]
[BlackElo "1357"]
[PlyCount "87"]
[EventDate "2022.01.15"]
[EventType "swiss"]
[EventRounds "7"]
[EventCountry "ESP"]
[SourceTitle "EXT 2023"]
[Source "ChessBase"]
[SourceDate "2022.10.05"]
[SourceVersion "1"]
[SourceVersionDate "2022.10.05"]
[SourceQuality "1"]

1. e4 e6 2. d4 d5 3. e5 c5 4. c3 Nc6 5. Nf3 Qb6 6. a3 Bd7 7. b4 c4 8. Be2 a5 9. b5 Qxb5 10. a4 Qb6 11. Na3 Na7 12. Qc2 Qb3 13. Qxb3 cxb3 14. Nb5 Nxb5 15. axb5 a4 16. Nd2 Rc8 17. Nb1 Bb4 18. Kd2 b6 19. cxb4 Rc2+ 20. Ke3 Rxc1 21. Rxc1 b2 22. Nc3 Ne7 23. Bd3 0-0 24. Rcb1 bxa1Q 25. Rxa1 Nf5+ 26. Bxf5 exf5 27. Rxa4 Rc8 28. Nxd5 Bxb5 29. Ne7+ Kf8 30. Nxc8 Bxa4 31. Nxb6 Bb5 32. d5 Ke7 33. Kd4 g6 34. Kc5 Be8 35. b5 h5 36. Nc8+ Kd8 37. Nd6 Bd7 38. Nxf7+ Ke7 39. Ng5 Kd8 40. e6 Bc8 41. Nf7+ Ke7 42. Nd6 Bxe6 43. dxe6 Kxe6 44. Kc6 1-0

[Event "Madrid-ch Previa-B"]
[Site "Madrid"]
[Date "2021.02.13"]
[Round "5"]
[White "Lopez Carrazana, Darvin Alejandro"]
[Black "Aldea Moreno, Marina"]
[Result "0-1"]
[WhiteElo "1455"]
[BlackElo "1597"]
[PlyCount "104"]
[EventDate "2021.02.04"]
[EventType "swiss"]
[EventRounds "9"]
[EventCountry "ESP"]
[SourceTitle "EXT 2022"]
[Source "ChessBase"]
[SourceDate "2021.10.06"]
[SourceVersion "1"]
[SourceVersionDate "2021.10.06"]
[SourceQuality "1"]

1. e4 c5 2. Nf3 d6 3. d4 cxd4 4. Nxd4 Nf6 5. Nc3 a6 6. Be3 e5 7. Nf3 Be6 8. Bd3 h6 9. 0-0 Be7 10. Qe2 0-0 11. Bc4 Qc7 12. Bxe6 fxe6 13. Rad1 Nbd7 14. Nh4 Kh7 15. Nf3 Nc5 16. a3 b5 17. b4 Ncd7 18. Nb1 Rac8 19. Rc1 d5 20. exd5 exd5 21. c3 Bd6 22. h3 Nb6 23. Bxb6 Qxb6 24. Nxe5 Bxe5 25. Qxe5 Rce8 26. Qd4 Qxd4 27. cxd4 Re2 28. Rfe1 Rfe8 29. Kf1 R2e4 30. Rxe4 Rxe4 31. Rd1 Kg6 32. f3 Re3 33. Kf2 Rb3 34. Ke2 Nh5 35. Kd2 Rb2+ 36. Ke3 Rxg2 37. Nc3 Nf6 38. Ne2 Kf5 39. Rg1 Rxg1 40. Nxg1 Kg5 41. f4+ Kh4 42. Kf3 Ne4 43. Kg2 Nd2 44. Ne2 Ne4 45. Nc1 Nd2 46. Nd3 Nb1 47. Nc5 Nxa3 48. Nxa6 Nc2 49. Nc7 Nxb4 50. Nxb5 Nd3 51. Nc7 Nxf4+ 52. Kf3 g5 0-1

[Event "Madrid-ch Previa-B"]
[Site "Madrid"]
[Date "2021.02.05"]
[Round "2"]
[White "Neagu, Roberto Florin"]
[Black "Aldea Moreno, Marina"]
[Result "1-0"]
[WhiteElo "1844"]
[BlackElo "1597"]
[PlyCount "69"]
[EventDate "2021.02.04"]
[EventType "swiss"]
[EventRounds "9"]
[EventCountry "ESP"]
[SourceTitle "EXT 2022"]
[Source "ChessBase"]
[SourceDate "2021.10.06"]
[SourceVersion "1"]
[SourceVersionDate "2021.10.06"]
[SourceQuality "1"]

1. e4 c5 2. Nf3 d6 3. d4 cxd4 4. Nxd4 Nf6 5. Nc3 a6 6. Be2 e5 7. Nb3 Be6 8. 0-0 Nbd7 9. Be3 Be7 10. a4 0-0 11. a5 Qc7 12. f3 Rac8 13. Qd2 Rfd8 14. Rfd1 Nc5 15. Nxc5 dxc5 16. Qe1 Rxd1 17. Bxd1 Rd8 18. Be2 Nd7 19. Na4 f5 20. exf5 Bxf5 21. Bc4+ Kh8 22. Nc3 Bxc2 23. Nd5 Qd6 24. Nxe7 Qxe7 25. Qd2 Bf5 26. Rd1 Re8 27. g4 Bxg4 28. fxg4 Nf6 29. h3 Qc7 30. g5 Ne4 31. Qd7 Qb8 32. Bd3 Rd8 33. Qf5 Rxd3 34. Rxd3 Ng3 35. Qxe5 1-0

[Event "Madrid Tajamar Easter op-B"]
[Site "Madrid"]
[Date "2018.03.27"]
[Round "7"]
[White "Esteban Posadilla, Raul"]
[Black "Aldea Moreno, Marina"]
[Result "1-0"]
[WhiteElo "1852"]
[BlackElo "1627"]
[PlyCount "83"]
[EventDate "2018.03.22"]
[EventType "swiss"]
[EventRounds "7"]
[EventCountry "ESP"]
[SourceTitle "EXT 2019"]
[Source "ChessBase"]
[SourceDate "2018.10.10"]
[SourceVersion "1"]
[SourceVersionDate "2018.10.10"]
[SourceQuality "1"]

1. c4 e5 2. Nc3 Nf6 3. e4 Be7 4. g3 d6 5. Bg2 0-0 6. Nge2 Be6 7. d3 a5 8. a3 Qd7 9. 0-0 Bh3 10. Rb1 Bxg2 11. Kxg2 Na6 12. b4 axb4 13. axb4 c6 14. h3 Rfb8 15. f4 Nc7 16. Be3 Nfe8 17. d4 exd4 18. Bxd4 Ne6 19. Be3 Rd8 20. Bb6 Rdb8 21. e5 N8c7 22. exd6 Qxd6 23. Qxd6 Bxd6 24. Rfd1 Ra6 25. c5 Bf8 26. f5 Nxc5 27. Bxc7 Rc8 28. bxc5 Rxc7 29. Rd8 Re7 30. Kf2 Re5 31. g4 Ra7 32. Rb8 f6 33. R1xb7 Rxb7 34. Rxb7 Bxc5+ 35. Kg2 Re7 36. Rb2 Be3 37. Rc2 Re5 38. Kf3 Bb6 39. Ne4 c5 40. Rc4 g6 41. Nxf6+ Kf7 42. Nd7 1-0

[Event "Madrid Tajamar Easter op-B"]
[Site "Madrid"]
[Date "2018.03.24"]
[Round "3"]
[White "Lopez Garcia, Rafael"]
[Black "Aldea Moreno, Marina"]
[Result "0-1"]
[WhiteElo "1430"]
[BlackElo "1627"]
[PlyCount "109"]
[EventDate "2018.03.22"]
[EventType "swiss"]
[EventRounds "7"]
[EventCountry "ESP"]
[SourceTitle "EXT 2019"]
[Source "ChessBase"]
[SourceDate "2018.10.10"]
[SourceVersion "1"]
[SourceVersionDate "2018.10.10"]
[SourceQuality "1"]

1. e4 e5 2. f4 exf4 3. Nf3 d5 4. exd5 Nf6 5. Bc4 Nxd5 6. 0-0 Be7 7. d4 g5 8. c3 0-0 9. Bd3 Nd7 10. c4 Nb4 11. Be4 Bf6 12. a3 Nc6 13. Qd3 h6 14. Nc3 Nb6 15. d5 Ne5 16. Nxe5 Bxe5 17. Bf5 Bxf5 18. Qxf5 Bd4+ 19. Kh1 Nxc4 20. Qd3 Ne3 21. Bxe3 Bxe3 22. g3 Re8 23. gxf4 Bxf4 24. Rf3 Qd6 25. Rh3 c6 26. Ne4 Qg6 27. Re1 Rad8 28. Qd4 Be5 29. Qb4 cxd5 30. Nf2 Qc6 31. Qb3 Bg7 32. Rd1 Re2 33. Kg1 Rxb2 34. Qf3 d4 35. Qd3 Re8 36. Rf3 Qc2 37. Qf1 Re2 38. Rc1 Qg6 39. Qd1 Rec2 40. Ra1 Qb6 41. Qd3 Rd2 42. Qf5 Qe6 43. Qc5 b6 44. Qc7 d3 45. Rc1 Rbc2 46. Qb8+ Kh7 47. Rf1 Bd4 48. Qg3 Rxf2 49. R3xf2 Rxf2 50. Qxd3+ Qf5 51. Qxf5+ Rxf5+ 52. Kg2 Rxf1 53. Kxf1 Kg6 54. h3 Kf5 55. Kg2 0-1

[Event "Madrid San Viator op-B 29th"]
[Site "Madrid"]
[Date "2017.11.05"]
[Round "8"]
[White "Alvarez Poves, Jesus"]
[Black "Aldea Moreno, Marina"]
[Result "0-1"]
[WhiteElo "1598"]
[BlackElo "1479"]
[PlyCount "115"]
[EventDate "2017.09.17"]
[EventType "swiss"]
[EventRounds "9"]
[EventCountry "ESP"]
[SourceTitle "EXT 2019"]
[Source "ChessBase"]
[SourceDate "2018.10.10"]
[SourceVersion "1"]
[SourceVersionDate "2018.10.10"]
[SourceQuality "1"]

1. d4 Nf6 2. c4 e5 3. dxe5 Ng4 4. Nf3 Bc5 5. e3 Nc6 6. a3 a5 7. Nd4 Ngxe5 8. Be2 0-0 9. b3 Qh4 10. Bb2 Re8 11. Nb5 Qd8 12. N1c3 Na7 13. 0-0 d6 14. Qc2 Bd7 15. Nd4 Nac6 16. Rad1 Qg5 17. f4 Qh6 18. Ncb5 Ng4 19. Bxg4 Bxg4 20. Rde1 Rac8 21. Qd2 Bd7 22. Rf3 Re7 23. Rg3 f6 24. Qd3 Qh5 25. Nxc6 bxc6 26. Nc3 Bf5 27. Qd2 Qf7 28. Na4 Ba7 29. Qxa5 Ra8 30. Qxf5 Re6 31. Qd3 Rb8 32. Rh3 g6 33. b4 Qe7 34. Bc1 Re8 35. f5 Re4 36. fxg6 hxg6 37. Nc3 Rg4 38. Qe2 Qe6 39. Rg3 Rxc4 40. Rxg6+ Kf7 41. Qh5 Rf8 42. Rh6+ Ke7 43. Na4 Rc2 44. Rh7+ Kd8 45. Qa5 Bb8 46. Kh1 Qe4 47. Rg1 Qxh7 48. Bb2 Ke7 49. Qa6 Rh8 50. Bxf6+ Kxf6 51. Qf1+ Ke7 52. Qf4 Ba7 53. Rf1 Rc4 54. Qf6+ Kd7 55. h3 Rg8 56. Nb2 Rc2 57. Rg1 Bxe3 58. Qf1 0-1

[Event "Madrid San Viator op-B 28th"]
[Site "Madrid"]
[Date "2017.06.04"]
[Round "9"]
[White "Aldea Moreno, Marina"]
[Black "Garcia Martin, Javier Antonio"]
[Result "1-0"]
[WhiteElo "1427"]
[BlackElo "1664"]
[PlyCount "119"]
[EventDate "2017.03.26"]
[EventType "swiss"]
[EventRounds "9"]
[EventCountry "ESP"]
[SourceTitle "EXT 2019"]
[Source "ChessBase"]
[SourceDate "2018.10.10"]
[SourceVersion "1"]
[SourceVersionDate "2018.10.10"]
[SourceQuality "1"]

1. e4 c5 2. c3 d5 3. exd5 Qxd5 4. d4 Nf6 5. Nf3 Bg4 6. Be2 e6 7. 0-0 Be7 8. Na3 a6 9. Be3 cxd4 10. Bxd4 0-0 11. Nc4 Nbd7 12. Ne3 Qd6 13. Nxg4 Nxg4 14. h3 Ngf6 15. Qc2 Rfd8 16. Rfd1 Qc7 17. c4 Bc5 18. Bc3 Qb6 19. Bd3 Qc7 20. b4 Bd6 21. Rac1 Bf4 22. Rb1 Ne5 23. Nxe5 Bxe5 24. Bxe5 Qxe5 25. Rbc1 Rac8 26. Qe2 Qf4 27. a3 Rd4 28. g3 Qd6 29. Qf3 Rd8 30. Be2 Qc7 31. Qb3 Rd2 32. Qe3 Rxd1+ 33. Bxd1 Rd6 34. c5 Rd5 35. Bf3 Re5 36. Qd4 Nd5 37. Kf1 Rf5 38. Bg2 Re5 39. Kg1 Qd7 40. Qxe5 f6 41. Qb8+ Kf7 42. Bxd5 Qxd5 43. Qf4 e5 44. Qc4 Ke6 45. Qxd5+ Kxd5 46. Kf1 Kc6 47. Ke2 Kb5 48. Kd3 f5 49. f3 g6 50. Kc3 a5 51. Kb3 axb4 52. axb4 Kc6 53. Re1 Kd5 54. Kc3 e4 55. Rd1+ Kc6 56. fxe4 fxe4 57. Kc4 e3 58. Re1 b6 59. cxb6 Kxb6 60. Rxe3 1-0

[Event "Madrid San Viator op-B 28th"]
[Site "Madrid"]
[Date "2017.05.28"]
[Round "8"]
[White "Mateos Cordero, Francisco"]
[Black "Aldea Moreno, Marina"]
[Result "1-0"]
[WhiteElo "1643"]
[BlackElo "1427"]
[PlyCount "71"]
[EventDate "2017.03.26"]
[EventType "swiss"]
[EventRounds "9"]
[EventCountry "ESP"]
[SourceTitle "EXT 2019"]
[Source "ChessBase"]
[SourceDate "2018.10.10"]
[SourceVersion "1"]
[SourceVersionDate "2018.10.10"]
[SourceQuality "1"]

1. d4 d5 2. c4 Nc6 3. Nc3 Nf6 4. e3 Bg4 5. Be2 Bxe2 6. Ngxe2 dxc4 7. Qa4 e6 8. a3 Be7 9. Qxc4 0-0 10. 0-0 Na5 11. Qa4 c6 12. Qc2 b5 13. b4 Nc4 14. Ng3 a5 15. bxa5 Qc7 16. Nce4 Rxa5 17. Nxf6+ Bxf6 18. Ne4 Be7 19. Nd2 Nxa3 20. Bxa3 Rxa3 21. Rxa3 Bxa3 22. Rb1 Bd6 23. h3 Rb8 24. Ne4 Be7 25. Nc5 Qa7 26. Qc3 Bxc5 27. dxc5 Ra8 28. Qd4 Qa2 29. Qd3 Qd5 30. Qc2 Ra4 31. Rd1 Qg5 32. Rd6 g6 33. Rxc6 h6 34. Rc8+ Kh7 35. Qb2 Qd5 36. Qh8# 1-0